| 000 | 00567nam a2200193 i 4500 | ||
|---|---|---|---|
| 001 | 142281 | ||
| 003 | ES-MaACL | ||
| 005 | 20250809030232.0 | ||
| 007 | t| | ||
| 008 | 071004s1950 sp ||||1| spa d | ||
| 100 | 1 |
_aVilá, José María. _9114694 |
|
| 245 | 1 | 0 |
_aManual del trabajo _b: legislación y procedimiento laboral / _cJosé Mª Vilá. |
| 250 | _a2ª ed. | ||
| 260 |
_aBarcelona : _bBosch, _c[1950] |
||
| 300 |
_aXX, 623 p. ; _c19 cm. |
||
| 650 | 1 | 4 |
_aDerecho laboral- _zEspaña _911726 |
| 852 |
_aES-MaACL _jD-4634 _bR.31090 |
||
| 999 |
_c142281 _d142281 |
||